000 00278nam a2200109Ia 4500
008 230320s9999||||xx |||||||||||||| ||spa||
082 _a158.1/H28
100 _aHay, Louise
245 0 _a¡Vivir! : Reflexiones Sobre Nuestro Viaje Por La Vida
260 _bUrano
942 _80
_cLIB
999 _c37068
_d37068